Fluent Python: (Record no. 611282)
[ view plain ]
| 000 -LEADER | |
|---|---|
| fixed length control field | 00395nam a22001337a 4500 |
| 020 ## - INTERNATIONAL STANDARD BOOK NUMBER | |
| International Standard Book Number | 978-1492056355 |
| 082 ## - DEWEY DECIMAL CLASSIFICATION NUMBER | |
| Classification number | 005.133 |
| Author Mark | RAM |
| 100 ## - MAIN ENTRY--PERSONAL NAME | |
| Personal name | Ramalho, Luciano |
| 9 (RLIN) | 125538 |
| 245 ## - TITLE STATEMENT | |
| Title | Fluent Python: |
| Remainder of title | Clear, Concise, and Effective Programming / |
| Statement of responsibility, etc. | Luciano Ramalho |
| 250 ## - EDITION STATEMENT | |
| Edition statement | 2nd Ed. |
| 260 ## - PUBLICATION, DISTRIBUTION, ETC. | |
| Place of publication, distribution, etc. | USA : |
| Name of publisher, distributor, etc. | O'REILLY , |
| Date of publication, distribution, etc. | 2022. |
| 300 ## - PHYSICAL DESCRIPTION | |
| Extent | xxviii, 810p. ; |
| Other physical details | Hardbinding , |
| Dimensions | 27cm. |
| 942 ## - ADDED ENTRY ELEMENTS (KOHA) | |
| Source of classification or shelving scheme | |
| Koha item type | Book |
| Withdrawn status | Lost status | Source of classification or shelving scheme | Damaged status | Not for loan | Permanent Location | Current Location | Shelving location | Date acquired | Total Checkouts | Full call number | Barcode | Date last seen | Price effective from | Koha item type |
|---|---|---|---|---|---|---|---|---|---|---|---|---|---|---|
| School of Mechanical & Manufacturing Engineering (SMME) | School of Mechanical & Manufacturing Engineering (SMME) | Aerospace Engineering | 08/30/2024 | 005.133 RAM | SMME-4600 | 08/30/2024 | 08/30/2024 | Book | ||||||
| School of Mechanical & Manufacturing Engineering (SMME) | School of Mechanical & Manufacturing Engineering (SMME) | Aerospace Engineering | 08/30/2024 | 005.133 RAM | SMME-4601 | 08/30/2024 | 08/30/2024 | Book | ||||||
| School of Mechanical & Manufacturing Engineering (SMME) | School of Mechanical & Manufacturing Engineering (SMME) | 08/30/2024 | 005.133 RAM | SMME-4602 | 08/30/2024 | 08/30/2024 | Book |
